El antijudaísmo cristiano occidental: siglos IV y V
Guardat en:
| Autor principal: | |
|---|---|
| Format: | Llibre |
| Idioma: | espanyol |
| Publicat: |
Madrid
Trotta
2000
|
| Col·lecció: | Colección Estructuras y Procesos. Serie Religión
|
| Matèries: | |
| Etiquetes: |
Afegir etiqueta
Sense etiquetes, Sigues el primer a etiquetar aquest registre!
|
MARC
| LEADER | 00000nam a2200000 a 4500 | ||
|---|---|---|---|
| 001 | UCO7748 | ||
| 003 | CL-VaPUC | ||
| 008 | 001117e20000000SP |||||||||||||||||spa|d | ||
| 082 | 0 | 4 | |a 296 |b GON |2 21 |
| 100 | 0 | |a González Salinero, Raúl |e author |9 452452 | |
| 245 | 1 | 3 | |a El antijudaísmo cristiano occidental: siglos IV y V |
| 300 | |a 318 p | ||
| 942 | |c BK | ||
| 945 | |d 20001117 00:00:00 |a vberengu | ||
| 260 | |a Madrid |b Trotta |c 2000 | ||
| 650 | 0 | |a Cristianismo y antisemitismo |9 452453 | |
| 650 | 7 | |a CRISTIANISMO Y OTRAS RELIGIONES |2 CL-VaPUC |9 316777 | |
| 650 | 7 | |a JUDAISMO HISTORIA SIGLOS 4-5 |2 CL-VaPUC |9 452454 | |
| 650 | 7 | |a RELIGIONES MODERNAS |2 CL-VaPUC |9 337686 | |
| 583 | |a last modification |c 20001117 00:00:00 |k Rodrigo Vera | ||
| 490 | 0 | |a Colección Estructuras y Procesos. Serie Religión | |
| 999 | |c 292627 |d 292625 | ||
| 952 | |0 0 |1 0 |4 0 |6 296_000000000000000_GON_2000 |7 0 |8 A |9 343635 |a BIBTEO |b BIBTEO |d 2019-11-20 |i 3669149 |o 296 GON 2000 |p 3669149 |r 2025-01-17 |w 2019-11-20 |y BK |k ICR | ||